[Event "FIDE Zonal 2.5 Open 2019"]
[Site "Montevideo"]
[Date "2019.04.17"]
[Round "7.4"]
[White "Krysa, Leandro"]
[Black "Roselli Mailhe, Bernardo"]
[Result "0-1"]
[WhiteElo "2498"]
[BlackElo "2454"]
[Annotator "TA"]
[PlyCount "118"]
[EventDate "2019.04.13"]
[EventType "swiss"]
[EventCountry "URU"]
[SourceTitle "playchess.com"]
[Source "ChessBase"]
[SourceQuality "1"]

{[%evp 19,118,30,36,12,34,27,35,26,19,34,29,30,32,19,30,40,35,40,68,87,78,48,60,15,72,53,65,-24,-25,-25,-16,-18,-22,-25,0,-6,-8,0,0,0,0,-2,0,0,0,0,10,7,7,0,0,0,0,-13,-14,-20,-20,-20,-20,-31,-17,-35,-29,-77,-89,-190,-190,-186,-187,-170,-99,-122,-134,-281,-279,-464,-462,-534,-534,-606,-504,-725,-723,-718,-697,-29973,-29974,-29974,-29973,-29976,-29977,-29977,-29977,-29977,-29978,-29979,-29980,-29980,-29980,-29979,-29976]} 1. d4 Nf6 2. c4 c5 3. Nf3 g6 4. g3 Bg7 5. Bg2 O-O 6. Nc3 d6 7. O-O Nc6 8. dxc5 dxc5 9. Be3 Qa5 10. Qb3 Ng4 11. Bg5 {E65: King's Indian: Fianchetto: 6...c5 7 0-0 without d5 by White} (11. Bd2 Nd4 12. Nxd4 cxd4 13. Ne4 Qc7 14. Rac1 Bd7 15. Bf4 Qb6 16. Qa3 Bc6 17. b4 a6 18. Qb3 Nf6 19. c5 Qd8 20. Nxf6+ Bxf6 21. Bxc6 bxc6 22. Qf3 Qd7 23. Rfd1 Bg7 24. Bd2 Qe6 25. a3 Rfd8 26. Bf4 {½-½ (26) Cori Tello,D (2413)-Munoz Pantoja,M (2495) Sant Adria de Besos 2017}) 11... h6 12. Bd2 Nd4 13. Nxd4 {White is slightly better.} cxd4 14. Qb5 Qd8 $146 ({Predecessor:} 14... Qxb5 15. Nxb5 a6 16. Nc7 Rb8 17. Nd5 e6 18. Nb6 Rd8 {1-0 (47) Romero,J (2196)-De Virgilio,O (1883) ICCF email 2009}) 15. Nd5 e6 16. Nf4 $36 {[%mdl 2048] White has good play.} Rb8 17. Nd3 Bd7 18. Qc5 Qc8 19. Qxa7 Bc6 20. Qc5 Rd8 21. h3 Bf8 (21... Nf6 $1 $11 {remains equal.}) 22. Qb6 $16 Nf6 23. Ba5 (23. Bf4 $14 Ra8 24. Bxc6 bxc6 25. g4) 23... Bxg2 $11 24. Kxg2 Qxc4 25. Qb3 Qxb3 26. axb3 b6 27. Bd2 g5 28. f3 Ra8 29. h4 gxh4 30. gxh4 Nd5 31. Ra4 Bg7 32. Rc1 b5 33. Rxa8 Rxa8 34. Rc5 Rb8 35. Nf4 Bf8 36. Rc6 Ne7 37. Rc2 Nf5 38. h5 Bd6 39. Rc6 Kf8 40. Nd3 Ke7 41. Ra6 Rg8+ 42. Kf1 (42. Kh3 $17) 42... Ne3+ $1 $19 43. Bxe3 dxe3 {[%mdl 4096] Endgame KRB-KRN} 44. Ne1 Bg3 (44... Rg5 $19 45. Ng2 Rxh5 46. Nxe3 Bc5) 45. Ng2 {[#]} Bf2 $1 46. Rc6 {[#]} (46. Ra7+ $17 Kf6 47. Rd7) 46... f5 $1 47. Rc3 $2 {[#]} (47. Rc5) 47... f4 $1 {[%mdl 512]} 48. Rc5 (48. Nxf4 Rg1#) 48... Rg5 49. Rc7+ Kf6 50. Rh7 e5 51. Rxh6+ Kg7 52. Rg6+ Rxg6 {Black mates.} 53. hxg6 Kxg6 54. Ne1 Bxe1 $1 55. Kxe1 {KP-KP} b4 56. Kf1 Kf5 57. Ke1 e4 58. Kf1 exf3 59. exf3 Ke5 {Accuracy: White = 46%, Black = 63%.} 0-1

[Event "FIDE Zonal 2.5 Open 2019"]
[Site "Montevideo"]
[Date "2019.04.17"]
[Round "7.5"]
[White "Muniz, Rafael"]
[Black "Tristan, Leonardo"]
[Result "0-1"]
[WhiteElo "2257"]
[BlackElo "2504"]
[Annotator "TA"]
[PlyCount "50"]
[EventDate "2019.04.13"]
[EventType "swiss"]
[EventCountry "URU"]
[SourceTitle "playchess.com"]
[Source "ChessBase"]
[SourceQuality "1"]

{[%evp 11,50,12,22,11,9,0,0,0,0,0,0,4,7,7,1,0,12,0,-9,-46,-46,-63,-41,-60,-60,-46,-46,-48,-43,-110,-113,-113,-129,-172,-164,-235,-241,-764,-764,-864,-810]} 1. e4 e5 2. Nf3 Nc6 3. Bc4 Bc5 4. O-O Nf6 5. d3 d6 6. c3 h6 7. a4 {Hoping for b4. C54: Giuoco Piano: 4 c3 Nf6, main lines with 5 d4 and 5 d3} (7. Re1 O-O 8. Nbd2 a5 9. Nf1 Be6 10. Bb5 Ne7 11. d4 exd4 12. cxd4 Bb6 13. Ng3 d5 14. e5 Ne4 15. Nxe4 dxe4 16. Rxe4 {1-0 (31) Adhiban,B (2683)-Grandelius,N (2694) Astana 2019}) 7... a5 8. Na3 O-O 9. Nc2 {The position is equal.} Be6 10. Bxe6 fxe6 11. Be3 Bxe3 12. Nxe3 Qe8 13. Qb3 Rb8 {[#]} 14. Rfe1 $146 ({Predecessor:} 14. Nd2) 14... Nh5 15. Nf1 {[#]} Rxf3 $1 {[%mdl 512]} 16. gxf3 Nf4 17. Kh1 Nxd3 18. Re3 Nf4 {[%mdl 1024] Black has compensation.} 19. Ng3 Qf7 20. Rae1 {[#]} (20. Qb5 $15) 20... Ne7 $1 $17 {[%cal Bc6e7,Be7g6,Bg6h4,Bh4f3][%mdl 32]} 21. Ne2 Neg6 22. Nxf4 exf4 ({Much worse is} 22... Nxf4 $6 23. Rg1 $11) 23. R3e2 (23. Rd3 {was called for.}) 23... Nh4 $19 {And now ...d5 would win.} 24. c4 $2 (24. Rg1 Nxf3 25. Rg2) 24... Qh5 25. Rg1 Nxf3 {[%mdl 64] Double Attack. Accuracy: White = 42%, Black = 79%.} 0-1

[Event "FIDE Zonal 2.5 Open 2019"]
[Site "Montevideo"]
[Date "2019.04.17"]
[Round "7.6"]
[White "Sosa Macho, Juan Manuel"]
[Black "Salinas Herrera, Pablo"]
[Result "0-1"]
[WhiteElo "2076"]
[BlackElo "2483"]
[Annotator "TA"]
[PlyCount "44"]
[EventDate "2019.04.13"]
[EventType "swiss"]
[EventCountry "URU"]
[SourceTitle "playchess.com"]
[Source "ChessBase"]
[SourceQuality "1"]

{[%evp 9,44,-31,-34,-28,-17,-24,-11,-17,23,0,23,19,21,16,12,0,0,0,0,0,24,-10,-13,-13,0,-31,-24,-53,-44,-81,-68,-72,-39,-484,-466,-1929,-1887]} 1. d4 d5 2. c4 e6 3. Nc3 a6 4. a4 (4. cxd5 exd5 5. Nf3 h6 6. Bf4 Nf6 7. e3 Bd6 8. Bxd6 Qxd6 9. Qc2 O-O 10. Bd3 Re8 11. h3 Be6 12. O-O Nbd7 13. a4 {½-½ (40) Shankland,S (2725)-Carlsen,M (2835) Wijk aan Zee 2019}) 4... Nf6 5. cxd5 exd5 6. Bg5 {D31: Queen's Gambit Declined: Semi-Slav without ...Nf6 (+ Marshall Gambit and Noteboom) and Exchange Variation lines without ...Nf6} c6 $146 ({Predecessor:} 6... Be7 7. Nf3 c6 8. e3 Be6 9. Qb3 Qc8 10. Bd3 Nbd7 11. h3 Rb8 12. Bf4 Ra8 {1-0 (81) Radikovic,A (1771)-Juric,E (1536) Trogir 2018}) 7. e3 Be7 8. Bd3 {The position is equal.} Nbd7 9. Nge2 Nh5 10. Bxe7 Qxe7 11. Qc2 g6 12. Rb1 a5 13. O-O O-O 14. Rbe1 f5 15. Ng3 Nxg3 16. hxg3 Qd6 17. Qe2 Nf6 18. Rd1 Kg7 19. Qf3 g5 {[#] White must now prevent ...Ng4.} 20. Qe2 $1 ({Not} 20. Bxf5 $2 g4 $19) 20... Bd7 21. f4 $2 {[%mdl 8192]} (21. Qd2 $15) 21... Ng4 $19 22. fxg5 (22. Rfe1 $142 Qh6 23. Qf3) 22... Qxg3 {Accuracy: White = 34%, Black = 54%.} 0-1

[Event "FIDE Zonal 2.5 Open 2019"]
[Site "Montevideo"]
[Date "2019.04.17"]
[Round "7.7"]
[White "Rodriguez, Santiago"]
[Black "Delgado Ramirez, Neuris"]
[Result "0-1"]
[WhiteElo "2257"]
[BlackElo "2616"]
[Annotator "TA"]
[PlyCount "74"]
[EventDate "2019.04.13"]
[EventType "swiss"]
[EventCountry "URU"]
[SourceTitle "playchess.com"]
[Source "ChessBase"]
[SourceQuality "1"]

{[%evp 9,74,43,43,43,39,41,45,36,43,44,56,49,57,49,56,43,72,72,74,71,90,84,99,78,88,78,85,64,79,67,95,67,129,89,112,42,42,27,25,26,36,16,20,12,114,31,87,0,0,0,0,37,31,0,0,0,99,-110,-106,-108,-116,-237,-181,-293,-304,-740,-742]} 1. d4 Nf6 2. Bg5 e6 3. e4 c5 4. d5 h6 5. Bxf6 Qxf6 6. Nc3 {A45: Trompowsky Attack} a6 7. a4 d6 8. Nf3 {White is slightly better.} Nd7 9. Be2 e5 10. Nd2 g6 11. Bg4 Qd8 $146 ({Predecessor:} 11... h5 12. Bh3 {1-0 (39) Iotov,V (2556)-Berbatov,K (2392) Sofia 2009}) 12. Nc4 (12. Bh3 {looks sharper.} h5 13. a5 Qg5 14. O-O Be7 15. Nc4) 12... Nf6 13. Bxc8 Rxc8 14. a5 Bg7 15. Ra3 {[%cal Ba1a3,Ba3b3,Bb3b6][%mdl 32]} O-O 16. Rb3 Rc7 17. Rb6 Ne8 18. Qg4 Kh7 19. O-O f5 20. Qh3 Rcf7 (20... f4 $14) 21. Rb1 Qd7 22. f3 ({White should try} 22. Qd3 $16) 22... Bf6 $14 23. b4 {Hoping for bxc5.} cxb4 24. R6xb4 {Black must now prevent Nb6.} Qc8 25. exf5 gxf5 26. Ne4 {White wants to play Nb6.} Bd8 (26... Be7 $11) 27. Kh1 (27. Ncxd6 $16 Nxd6 28. Nxd6 Qc5+ {[%mdl 64] Double Attack} 29. Kh1 Qxd6 30. Rb6 Bxb6 31. Rxb6 Qxb6 32. axb6) 27... Qc7 (27... Rd7 $14 28. Ng5+ Bxg5) 28. Rxb7 Qxb7 29. Rxb7 Rxb7 {[%cal Rb7b1]} 30. Ned2 Bg5 31. g4 Nf6 32. gxf5 Nxd5 (32... Rc7 $11) 33. Qg4 $2 (33. Nxd6 $16 {and life is bright.} Rg7 34. N2e4) 33... Nf6 $17 34. Qg2 {[#] Strongly threatening f4!} Rg7 $1 35. Qe2 {[#]} (35. Qf1 $17) 35... d5 $1 $19 {[%cal Rd5c4]} 36. Nxe5 (36. Ne3 {was forced.}) 36... Re8 37. f4 $2 (37. Nf1 Bf4 38. Qxa6 Rxe5 39. Ng3 (39. Qxf6 $2 Re1 $19)) 37... Bxf4 {Accuracy: White = 27%, Black = 39%.} 0-1

[Event "FIDE Zonal 2.5 Open 2019"]
[Site "Montevideo"]
[Date "2019.04.17"]
[Round "7.8"]
[White "Peralta, Fernando"]
[Black "Coppola, Claudio"]
[Result "1-0"]
[WhiteElo "2572"]
[BlackElo "2238"]
[Annotator "TA"]
[PlyCount "71"]
[EventDate "2019.04.13"]
[EventType "swiss"]
[EventCountry "URU"]
[SourceTitle "playchess.com"]
[Source "ChessBase"]
[SourceQuality "1"]

{[%evp 9,71,10,50,13,23,22,34,28,49,47,67,56,66,54,50,66,87,87,83,87,91,87,153,155,154,155,155,154,152,149,178,169,177,164,202,199,196,178,212,202,212,169,308,0,205,181,235,214,261,211,319,312,312,315,519,517,516,519,508,506,1123,1150,1060,1030]} 1. Nf3 Nf6 2. c4 c5 3. Nc3 d5 4. cxd5 Nxd5 5. e3 g6 6. Bb5+ {A34: Symmetrical English: 2 Nc3, lines with ...d5} Bd7 7. Be2 Nxc3 8. bxc3 {White is slightly better.} Qa5 $146 ({Predecessor:} 8... Bg7 9. O-O O-O 10. d4 Bc6 11. Ba3 cxd4 12. cxd4 Re8 13. Ne5 Qa5 14. Qb3 Bxe5 15. dxe5 Qxe5 16. Bc4 Rf8 17. f4 Qe4 18. Rf2 {½-½ (61) Nakamura,H (2746)-Vachier Lagrave,M (2781) London 2018}) 9. Qb3 Nc6 10. Qxb7 Rb8 11. Qa6 Qxa6 12. Bxa6 Bg7 {[#]} 13. Ba3 $1 Nb4 14. Bxb4 $1 cxb4 15. Rb1 Bc6 (15... O-O $142) 16. Rxb4 $16 Rxb4 17. cxb4 Bxf3 18. gxf3 {[%mdl 4096] Endgame KRB-KRB} Be5 19. Ke2 g5 20. d4 Bd6 21. a3 e5 22. d5 Ke7 23. h3 f6 24. Rc1 Rb8 25. Bd3 Ra8 (25... h6 $142 26. Rc6 Rb6) 26. Ba6 Rb8 27. Rc3 Kd7 (27... f5 $142 28. e4 f4) 28. Bd3 $18 h6 29. Rc6 Rb7 (29... Rb6 {was called for.} 30. Rc1 Ke7) 30. Bf5+ Ke7 31. Ra6 Bc7 $2 (31... h5 32. Bg6 h4) 32. Re6+ {White is clearly winning.} Kf7 33. Rc6 {[#] Hoping for Bc8.} Bd8 34. d6 a5 (34... Ke8 $142 35. Rc8 Rb6) 35. Rc8 Ke8 36. Be4 {Accuracy: White = 83%, Black = 30%.} 1-0

[Event "FIDE Zonal 2.5 Open 2019"]
[Site "Montevideo"]
[Date "2019.04.17"]
[Round "7.9"]
[White "Real De Azua, Ernesto"]
[Black "El Ters, Antouan"]
[Result "1-0"]
[WhiteElo "2474"]
[BlackElo "2181"]
[Annotator "TA"]
[PlyCount "47"]
[EventDate "2019.04.13"]
[EventType "swiss"]
[EventCountry "URU"]
[SourceTitle "playchess.com"]
[Source "ChessBase"]
[SourceQuality "1"]

{[%evp 9,47,27,49,39,55,52,53,49,46,50,48,40,41,51,114,83,100,68,97,87,128,127,162,132,129,127,135,126,142,137,222,222,226,233,212,212,294,297,522,514]} 1. d4 Nf6 2. c4 e6 3. Nc3 d5 4. cxd5 Nxd5 5. Nf3 Bb4 6. Bd2 {D38: Queen's Gambit Declined: Ragozin Defence (4 Nf3 Bb4)} c5 (6... O-O 7. e4 Nxc3 8. bxc3 Be7 9. Bd3 c5 10. e5 Nc6 11. h4 g6 12. h5 cxd4 13. Qc2 dxc3 14. Bxc3 {0-1 (64) Moiseenko,A (2670)-Socko,M (2495) Warsaw 2010}) 7. Nxd5 Qxd5 8. Bxb4 {White is slightly better.} cxb4 9. e3 Nc6 10. Bd3 Bd7 $146 ({Predecessor:} 10... O-O 11. Qc2 f5 12. O-O Ne7 13. Rfc1 Qd8 {1-0 (24) Berdichesky,R-Lamas,H Argentina 1990}) 11. O-O O-O-O ({Black should play} 11... Rc8 $14) 12. Qb1 Kb8 13. Rc1 Qd6 14. a3 f6 15. Nd2 ({And not} 15. Bxh7 f5 $11) 15... f5 16. Qa2 b3 17. Qxb3 e5 18. Nc4 Qd5 19. Be2 exd4 (19... Rhe8 $16 20. dxe5 Nxe5) 20. Bf3 $18 Qc5 21. exd4 $40 {[%mdl 128] Black is in trouble.} Qxd4 22. Rd1 Qc5 23. Rd5 Nd4 $2 {[#]} (23... Qe7 {was worth a try.} 24. Ne5 Qe6) 24. Rxd4 $1 {[%mdl 512] Accuracy: White = 87%, Black = 33%.} 1-0

[Event "FIDE Zonal 2.5 Open 2019"]
[Site "Montevideo"]
[Date "2019.04.17"]
[Round "7.10"]
[White "Suarez, Pedro"]
[Black "Lopez Azambuja, Nicolas"]
[Result "0-1"]
[WhiteElo "2019"]
[BlackElo "2328"]
[Annotator "NA RC"]
[PlyCount "100"]
[EventDate "2019.04.13"]
[EventType "swiss"]
[EventCountry "URU"]
[SourceTitle "playchess.com"]
[Source "ChessBase"]
[SourceQuality "1"]
[TimeControl "40/5400+30:1800+30"]

{[%evp 9,95,14,32767,12,16,32767,32767,32767,32767,32767,19,-22,32767,6,17,13,16,0,18,18,22,19,24,0,-5,0,32767,0,29,13,31,40,47,23,32767,14,32767,32767,32767,32767,79,32767,32767,68,32767,32767,82,13,18,14,5,0,0,-60,23,0,17,14,11,0,0,0,32767,32767,32767,32767,0,-58,-45,32767,32767,32767,32767,-281,-256,-645,-414,-314,-454,-466,-497,-637,-568,-599,19,-608,-570,-783]} 1. d4 {[%emt 0:00:00]} Nf6 {[%emt 0:03:34]} 2. c4 {[%emt 0:00:00]} e6 {[%emt 0:00:09]} 3. Nf3 {[%emt 0:00:02]} b6 {[%emt 0:00:09]} 4. g3 {[%emt 0:00:41]} Ba6 {[%emt 0:00:13]} 5. b3 {[%emt 0:04:51]} Bb4+ {[%emt 0:00:30]} 6. Bd2 {[%emt 0:00:30]} Be7 {[%emt 0:00:23]} 7. Bg2 {[%emt 0:00:14]} O-O {[%emt 0:01:17]} 8. O-O {[%emt 0:00:36]} d5 {[%emt 0:00:13]} 9. Bf4 $146 {[%emt 0:10:11] E15: Queen's Indian: 4 g3 sidelines, 4 g3 Ba6 and 4 g3 Bb7 early deviations} ({You set blue moves yourself with the critical opening position annotation.:} 9. cxd5 exd5 10. Nc3 Re8 11. Qc2 c5 12. Rfd1 Nc6 13. Bg5 h6 14. Bxf6 Bxf6 15. e3 cxd4 16. Nxd4 Nxd4 17. exd4 Rc8 18. Qd2 Bb7 {½-½ (46) Bu,X (2705)-Matlakov,M (2694) Doha 2016}) 9... Nbd7 {[%emt 0:06:36]} 10. Nc3 {[%emt 0:08:28]} Bb7 {[%emt 0:05:45]} 11. cxd5 {[%emt 0:21:17]} Nxd5 {[%emt 0:14:27]} 12. Nxd5 {[%emt 0:00:09]} exd5 {[%emt 0:01:06]} 13. h4 {[%emt 0:03:36]} Nf6 {[%emt 0:03:54]} 14. Rc1 {[%emt 0:06:38]} c5 {[%emt 0:02:27]} 15. Ne5 {[%emt 0:02:41]} Re8 {[%emt 0:05:04]} 16. Qd3 {[%emt 0:08:41]} Bd6 {[%emt 0:05:37]} 17. e3 {[%emt 0:07:58]} a5 {[%emt 0:08:02]} 18. Qd1 {[%emt 0:04:12]} Qe7 {[%emt 0:08:06]} 19. Nd3 {[%emt 0:06:52]} Rac8 {[%emt 0:07:14]} 20. Bxd6 {[%emt 0:01:10]} Qxd6 {[%emt 0:00:06]} 21. Nf4 {[%emt 0:00:23]} Red8 {[%emt 0:03:36]} 22. Qe2 {[%emt 0:01:14]} Ra8 {[%emt 0:05:44]} 23. Rfd1 {[%emt 0:01:12]} Ba6 {[%emt 0:02:28]} 24. Qd2 {[%emt 0:00:25]} c4 {[%emt 0:05:27]} 25. bxc4 {[%emt 0:00:28]} Bxc4 {[%emt 0:00:14]} 26. e4 {[%emt 0:00:58]} Qb4 {[%emt 0:01:26]} 27. e5 {[%emt 0:00:14]} Ne8 {[%emt 0:02:18]} 28. Rb1 {[%emt 0:01:08]} (28. Qxb4 $16 axb4 29. Nd3) 28... Qxd2 {[%emt 0:00:13]} 29. Rxd2 {[%emt 0:00:02]} b5 {[%emt 0:00:12]} 30. a3 {[%emt 0:00:24]} Nc7 {[%emt 0:00:28]} 31. Bh3 {[%emt 0:00:54]} (31. Bf1 $11) 31... Ra6 {[%emt 0:00:21]} ({Black should play} 31... Rdb8 $15) 32. Ng2 {[%emt 0:01:13]} Rc6 {[%emt 0:01:18]} 33. Ne3 {[%emt 0:00:14]} g6 {[%emt 0:00:42]} 34. f4 {[%emt 0:00:34]} Rb8 {[%emt 0:05:45]} 35. Ng4 {[%emt 0:01:29]} Ne8 {[%emt 0:00:19]} 36. Ne3 {[%emt 0:00:05]} Nc7 {[%emt 0:00:06]} 37. Ng4 {[%emt 0:00:02]} b4 {[%emt 0:00:39]} 38. axb4 {[%emt 0:00:10]} (38. Nf6+ $11 Kg7 39. h5) 38... Rxb4 {[%emt 0:00:05]} 39. Rxb4 {[%emt 0:00:10]} axb4 {[%emt 0:00:01]} 40. Nf6+ {[%emt 0:00:14]} Kg7 {[%emt 0:00:10]} 41. Kf2 {[%emt 0:31:12]} b3 {[%emt 0:30:54]} 42. Bc8 $2 {[%emt 0:03:03]} (42. Nd7) 42... Rb6 {[%emt 0:00:00]} 43. Rb2 {[%emt 0:00:00]} Rb8 {[%emt 0:00:00]} 44. Bd7 {[%emt 0:00:00] [#]} Ra8 $1 {[%emt 0:00:00]} 45. Ke3 {[%emt 0:00:00]} Ra2 {[%emt 0:00:00]} 46. Rb1 {[%emt 0:00:00]} Re2+ {[%emt 0:00:00]} 47. Kf3 {[%emt 0:00:00]} b2 {[%emt 0:00:00]} 48. Ba4 $19 {[%emt 0:00:00]} Ne6 {[%emt 0:00:00]} 49. Bd1 {[%emt 0:00:00]} Nxd4+ {[%emt 0:00:00]} 50. Kg4 {[%emt 0:00:00]} Rh2 {[%emt 0:00:00]} 0-1

[Event "FIDE Zonal 2.5 Open 2019"]
[Site "Montevideo"]
[Date "2019.04.17"]
[Round "7.11"]
[White "Carbone, Diego"]
[Black "Donoso Diaz, Sebastian"]
[Result "0-1"]
[WhiteElo "2277"]
[BlackElo "2191"]
[Annotator "TA"]
[PlyCount "82"]
[EventDate "2019.04.13"]
[EventType "swiss"]
[EventCountry "URU"]
[SourceTitle "playchess.com"]
[Source "ChessBase"]
[SourceQuality "1"]

{[%evp 9,82,22,19,12,23,26,33,33,47,18,14,28,28,0,2,2,4,-35,38,-41,-40,-52,-36,-33,-13,-37,-47,-76,-85,-88,-41,-128,-36,-31,0,-46,-50,-123,-114,-120,-69,-95,-82,-81,-71,-147,-96,-88,-73,-70,-71,-75,-66,-67,-15,-186,-177,-169,-169,-168,-177,-194,-185,-247,-78,-202,-186,-233,-247,-230,-215,-317,-308,-351,-328]} 1. c4 c5 2. g3 Nf6 3. Bg2 Nc6 4. Nf3 e5 5. Nc3 d6 6. d3 {A34: Symmetrical English: 2 Nc3, lines with ...d5} (6. O-O Be7 7. e3 O-O 8. d4 cxd4 9. exd4 Bg4 10. Ne2 e4 11. Nd2 Nxd4 12. f3 exf3 13. Nxf3 Nxf3+ 14. Bxf3 Bxf3 15. Rxf3 Rc8 {0-1 (33) Ruck,R (2561)-Saric,I (2652) Tallinn 2016}) 6... h6 7. a3 a5 8. O-O {White is slightly better.} Be6 9. Ne1 d5 $146 ({Predecessor:} 9... Be7 10. Nc2 O-O 11. Ne3 Ng4 12. Ned5 f5 13. Rb1 Nf6 14. Bd2 {1-0 (40) Jirovsky,M (2420)-Muetz,G Munich 1996}) 10. cxd5 Nxd5 11. Nc2 Be7 12. Ne3 Nxe3 13. Bxe3 (13. Bxc6+ $5 bxc6 14. Bxe3 $11) 13... O-O (13... Rc8 $15) 14. Ne4 (14. Bxc6 $1 $14 bxc6 15. Qc2) 14... Nd4 $15 15. Bxd4 Qxd4 16. Qc2 Rac8 17. e3 Qd7 18. b3 Rfd8 19. Rfd1 b5 20. a4 (20. Bf1 $15) 20... bxa4 (20... f5 $1 $17 {[%cal Rf5e4]} 21. Nc3 b4) 21. bxa4 Qe8 22. Nc3 c4 23. d4 (23. dxc4 $15 Rxc4 24. Bf1) 23... exd4 $17 24. exd4 Qd7 (24... Bg4 $17 25. f3 Bd7) 25. d5 Bg4 26. Re1 Bb4 27. Re3 (27. Rac1 $142) 27... Bc5 (27... Bf5 $142 28. Be4 Bxe4 29. Rxe4 Bxc3 30. Qxc3 Qxd5) 28. Ree1 Bd4 29. Rac1 Bxc3 30. Qxc3 Qxa4 31. Re4 Bd7 ({Black should try} 31... Bf5 $15 32. Rd4 Rc5) 32. Rxc4 $2 (32. Bf1 $1 $11 {and White is okay.}) 32... Rxc4 33. Qxc4 Qxc4 34. Rxc4 $11 {[%mdl 4096] Endgame KRB-KRB} Rc8 $1 {[%cal Rc8c4]} 35. Bf1 {[#]} a4 $1 {[%cal Ba5a4,Ba4a3][%mdl 32]} 36. Rb4 {[#]} (36. Rxc8+ $142 Bxc8 37. Bd3) 36... Kf8 $2 (36... a3 $1 $19 {[%cal Ra3a2] and Black stays clearly on top. And now ...a2 would win.} 37. Rb1 Kf8) 37. Bc4 (37. Rb7 $17 Ke8 38. Ra7) 37... Ke7 $19 38. d6+ Kxd6 {aiming for ...Kc5.} 39. Bxf7 a3 40. Rb6+ (40. Rb1 $142) 40... Rc6 41. Rb1 Be6 {Accuracy: White = 29%, Black = 45%.} 0-1

[Event "FIDE Zonal 2.5 Open 2019"]
[Site "Montevideo"]
[Date "2019.04.17"]
[Round "7.12"]
[White "Gaye, Gustavo"]
[Black "Michailov, Matias"]
[Result "0-1"]
[WhiteElo "2000"]
[BlackElo "2264"]
[Annotator "TA"]
[PlyCount "46"]
[EventDate "2019.04.13"]
[EventType "swiss"]
[EventCountry "URU"]
[SourceTitle "playchess.com"]
[Source "ChessBase"]
[SourceQuality "1"]

{[%evp 13,46,12,12,4,8,0,0,-4,0,-15,-8,0,-12,-18,-5,-39,-31,-74,-67,-66,-77,-66,-62,-110,-101,-116,-90,-112,-102,-166,-149,-250,-238,-670,-672]} 1. e4 c5 2. Nc3 d6 3. g3 Nc6 4. Bg2 g6 5. Nge2 Bg7 6. d3 Nf6 7. h3 Rb8 8. Be3 {B25: Closed Sicilian: 3 g3, lines without early Be3} (8. O-O O-O 9. f4 Bd7 10. Be3 b5 11. a3 a5 12. a4 b4 13. Nb5 Ne8 14. Rb1 Nc7 15. c4 Nxb5 16. axb5 Nd4 17. Nxd4 cxd4 18. Bd2 e5 19. f5 {0-1 (53) Demchenko,A (2679)-Jones,G (2682) St Petersburg 2018}) 8... b5 9. Qd2 b4 10. Nd1 {The position is equal.} a5 11. a3 O-O 12. O-O Bb7 $146 ({Predecessor:} 12... Ba6 13. axb4 Rxb4 14. Bh6 Bxh6 15. Qxh6 Nd4 16. Qd2 Qc7 17. b3 Rfb8 18. Ndc3 Bc8 19. g4 Nxe2+ 20. Qxe2 {½-½ (32) Neelotpal,D (2437)-Debashis,D (2503) New Delhi 2015}) 13. f4 Nd7 14. Rb1 Nd4 15. c3 Nxe2+ 16. Qxe2 bxa3 17. bxa3 Ba6 18. Ra1 Rb3 19. Qd2 Qb6 20. Rf2 Rb8 21. Bf1 (21. a4 $17 {was necessary.}) 21... Rb1 $19 22. Ra2 (22. Rxb1 $17 Qxb1 23. Qc2) 22... Qb3 23. Rb2 $2 {[#]} (23. Rc2) 23... Rxb2 {Accuracy: White =  2%, Black = 95%.} 0-1

[Event "FIDE Zonal 2.5 Open 2019"]
[Site "Montevideo"]
[Date "2019.04.17"]
[Round "7.13"]
[White "Adasme Fredes, Mauricio"]
[Black "Jodorcovsky Werjivker, Paulo"]
[Result "1-0"]
[WhiteElo "2086"]
[BlackElo "2257"]
[Annotator "TA"]
[PlyCount "57"]
[EventDate "2019.04.13"]
[EventType "swiss"]
[EventCountry "URU"]
[SourceTitle "playchess.com"]
[Source "ChessBase"]
[SourceQuality "1"]

{[%evp 16,56,20,-4,55,22,75,83,94,89,97,0,7,-1,-17,-60,-69,-72,-54,-106,62,31,47,53,106,107,93,88,130,119,88,44,87,131,275,279,289,235,546,543,756,742,29999]} 1. d4 d5 2. c4 e6 3. Nc3 c6 4. Nf3 dxc4 5. a4 Bb4 6. g3 b5 7. Bg2 Bb7 8. O-O a6 9. Ne5 Qc8 {D31: Queen's Gambit Declined: Semi-Slav without ...Nf6 (+ Marshall Gambit and Noteboom) and Exchange Variation lines without ...Nf6} (9... f6 $11 10. Nf3 Ne7) (9... f6 10. Ng4 h5 11. Ne3 Nd7 12. Bd2 Bxc3 13. bxc3 Ne7 14. Qb1 Qc7 15. Bc1 h4 16. Ba3 hxg3 17. fxg3 {0-1 (51) Yu,Y (2764)-Popov,V (2532) St Petersburg 2018}) 10. Ne4 $146 ({Predecessor:} 10. Bd2 Be7 11. Ne4 Nf6 12. b3 Nxe4 13. Bxe4 cxb3 14. Qxb3 Nd7 15. axb5 Nxe5 16. bxa6 Bxa6 17. dxe5 O-O {½-½ (17) Kucza,K (2308)-Kopylov,M (2426) Pardubice 2018}) 10... Nf6 {[#]} (10... Nd7 $11) 11. Nxf6+ $1 $16 gxf6 {White is better.} 12. Ng4 Nd7 {[#]} 13. e4 (13. Nh6 $1 $16) 13... h5 $11 14. Ne3 h4 15. d5 cxd5 16. exd5 hxg3 17. fxg3 (17. hxg3 $15 Bc5 18. Bd2) 17... e5 $2 (17... Bc5 $17 18. Qg4 exd5) 18. Qg4 Qc5 19. axb5 axb5 (19... c3 $14 20. Rf2 cxb2 21. Bxb2 Qxe3 22. Qxb4 Rxh2) 20. Rxa8+ $16 Bxa8 21. Kh1 Qd4 22. Qg7 $36 {[%mdl 2048] White is on the roll.} Rf8 23. Rd1 Qb6 24. h4 c3 (24... Bb7 $16 {was called for.}) 25. bxc3 $18 Bxc3 26. h5 f5 $2 (26... b4 {is a better chance.} 27. h6 f5) 27. Nxf5 b4 28. Bg5 f6 29. Qe7# {Accuracy: White = 54%, Black = 15%.} 1-0